000 00298nam a22001337a 4500
008 170315b xxu||||| |||| 00| 0 eng d
020 _a9780321799173
041 _aeng
080 _29 ED
_a611
100 _a7
101 _aSHM
245 _aHUMAN ANATOMY PHYSIOLOGY
_cMARIEB.E.N
942 _2udc
_cBK
999 _c7900
_d7900